Biblioteca

En el altar de la idolatría sexual : (Registro nro. 66998)

Detalles MARC
000 -LÍDER
Campo fijo de descripción fija 01509nam a2200325 i 4500
001 - NÚMERO DE CONTROL
Campo de control 768714001
003 - IDENTIFICADOR DEL NÚMERO DE CONTROL
Campo de control CO-MdFUSB
005 - FECHA Y HORA DE LA ULTIMA TRANSACCIÓN
control field 20220729125323.0
007 - CAMPO FIJO DE DESCRIPCIÓN FIJA--INFORMACIÓN GENERAL
Campo fijo de descripción fija ta
008 - ELEMENTOS DE LONGITUD FIJA -- INFORMACIÓN GENERAL
Campo fijo de descripción fija -- Información general 211023t2004 -us |||| |||| 00| 0 spa d
020 ## - NÚMERO INTERNACIONAL NORMALIZADO PARA LIBROS
Número Internacional Normalizado del libro [No incluye ISBN]
040 ## - FUENTE DE CATALOGACIÓN
Agencia de catalogación original CO-MdFUSB
Idioma de catalogación spa
Agencia que realiza la transcripción CO-MdFUSB
Agencia que realiza la modificación CO-MdFUSBC
Convenciones de la descripción rda
041 ## - CÓDIGO DE IDIOMA
Código de idioma para texto/pista de sonido o título separado eng
090 ## - SIGNATURA TOPOGRÁFICA LOCAL
Número de clasificación local AV 0266
100 ## - ASIENTO PRINCIPAL--NOMBRE PERSONAL
Nombre personal Gallagher, Steve
Término relacionador autor
245 1# - TÍTULO
Título del Material En el altar de la idolatría sexual :
Parte restante del título - Subtitulo guía de estudio. Curso ASIs
Mención de responsabilidad, etc. / Steve Gallagher
264 #1 - PRODUCCIÓN, PUBLICACIÓN, DISTRIBUCIÓN, MANUFACTURA, Y COPYRIGHT
Lugar de producción, publicación, distribución, manufactura Estados Unidos :
Nombre del productor, publicador, distribuidor Mount Zion Bible Institute,
Fecha de producción, publicación, distribución, manufactura, o copyright [2004]
264 #4 - PRODUCCIÓN, PUBLICACIÓN, DISTRIBUCIÓN, MANUFACTURA, Y COPYRIGHT
Fecha de producción, publicación, distribución, manufactura, o copyright © 2004
300 ## - DESCRIPCIÓN FÍSICA
Extensión 44 páginas
Dimensiones ; 22 cm
336 ## - TIPO DE CONTENIDO
Fuente rdacontent
Término de tipo de contenido texto
Código de tipo de contenido txt
337 ## - TIPO DE MEDIO
Fuente rdamedia
Nombre del tipo de medio sin mediación
Código del tipo de medio n
338 ## - TIPO DE SOPORTE
Fuente rdacarrier
Nombre del tipo de soporte volumen
Código Tipo de soporte nc
505 ## - NOTA DE CONTENIDO
Título El problema:
Nota de contenido con formato preestablecido La adicción sexual. -- La espiral de la degradación. -- Los cuatro motivos primordiales. -- La necesidad de vivir en la luz. -- Dentro de la mente del adicto sexual. -- El proceso del pecado.
505 ## - NOTA DE CONTENIDO
Título El rumbo correcto:
Nota de contenido con formato preestablecido Los problemas fundamentales. -- La libertad llega lentamente por una razón. -- ¿Cuánto le interesa?
505 ## - NOTA DE CONTENIDO
Título Influencias:
Nota de contenido con formato preestablecido La carne pecaminosa. -- Separándose del mundo. -- Las batallas en el campo espiritual.
505 ## - NOTA DE CONTENIDO
Título La salida:
Nota de contenido con formato preestablecido El lugar del arrepentimiento y la contrición. -- Disciplinado para la santidad. -- Andar en el Espíritu. -- Venciendo la lujuria. -- Cómo ser un gran amante. -- El poder de la gracia de Dios.
563 ## - NOTA DE ENCUADERNACIÓN
Nota de encuadernación Rústico
650 #0 - ASIENTO SECUNDARIO DE MATERIA - TERMINO TEMÁTICO
9 (RLIN) 1346
Término temático o nombre geográfico como elemento de entrada Sexo
942 ## - TIPO DE MATERIAL (KOHA)
Tipo de Item KOHA Documentos Archivo Vertical
Existencias
Estado de Material Estado de Perdido Forma de Clasificación Estado de Dañado No para Préstamo Colección Biblioteca FUSBC Biblioteca de Origen Biblioteca Permanente Fecha de Adquisición Total de Préstamos Signatura Topográfica Código de Barras Última vez visto Ejemplar/Existencia Fecha de Remplazo Tipo de Material
    Dewey Decimal Classification     Colección Folletos CRISTIANISMO Y OTRAS DISCIPLINAS Biblioteca FUSBC Biblioteca FUSBC 23/10/2021   AV 0266 10931 23/10/2021 Ej.1 23/10/2021 Documentos Archivo Vertical

Biblioteca FUSBC | Teléfono: (57+4) 349 88 10 Ext. 141| WhatsApp (+57) 3005338115 
E-mail: biblioteca@unisbc.edu.co | Calle 76 87-14 Robledo Palenque, Medellín, Colombia

Con tecnología Koha